Classical Composers by Wealth at Death - Statistics

General Stats
  • This quiz has been taken 21 times
  • The average score is 9 of 23
Answer Stats
Assets Died Composer % Correct
-₤93 1791 Wolfgang Amadeus Mozart
86%
₤573 1827 Ludwig van Beethoven
71%
-₤13 1828 Franz Schubert
64%
₤15,766 1901 Giuseppe Verdi
64%
₤9,955 1897 Johannes Brahms
64%
₤26,630 1759 George Frederic Handel
57%
₤47,071 1868 Gioachino Rossini
57%
₤39 1750 Johann Sebastian Bach
57%
₤890 1809 Franz Joseph Haydn
50%
₤3,534 1886 Franz Liszt
50%
₤880 1856 Robert Schumann
43%
₤1,006 1835 Vincenzo Bellini
29%
₤232 1787 Leopold Mozart
21%
₤24 1806 Michael Haydn
21%
₤19,935 1840 Niccolò Paganini
21%
₤1,773 1825 Antonio Salieri
14%
₤166 1890 César Franck
14%
₤4,976 1848 Gaetano Donizetti
14%
₤2,353 1764 Jean-Philippe Rameau
14%
₤29,472 1832 Muzio Clementi
14%
₤5,690 1857 Carl Czerny
7%
₤1,880 1837 Johann Nepomuk Hummel
7%
₤9 1813 Johann Vanhal
7%
No matching quizzes found
Score Distribution
Percent of People with Each Score
Percentile by Number Answered
Your Score History
You have not taken this quiz